[Event "GRE-ch U12"]
[Site "Patras"]
[Date "2013.07.08"]
[Round "1.2"]
[White "Giannoulakis, Labros"]
[Black "Papaioannou, Evagelos"]
[Result "1-0"]
[WhiteElo "1906"]
[BlackElo "1393"]
[PlyCount "55"]
[EventDate "2013.07.08"]
[EventType "swiss"]
[EventRounds "9"]
[EventCountry "GRE"]
[SourceTitle "EXT 2024"]
[Source "ChessBase"]
[SourceDate "2023.10.10"]
[SourceVersion "1"]
[SourceVersionDate "2023.10.10"]
[SourceQuality "1"]

1. d4 d5 2. c4 c6 3. Nc3 e6 4. e3 Bd6 5. Nf3 Nd7 6. Bd3 Ngf6 7. e4 dxc4 8. Bxc4 Bb4 9. Qe2 Nb6 10. Bd3 h6 11. 0-0 0-0 12. a3 Be7 13. Bc2 c5 14. Rd1 cxd4 15. Nxd4 Qc7 16. e5 Nfd5 17. Qd3 f5 18. exf6 Nxf6 19. Qg6 Rf7 20. Bxh6 Bf8 21. Bg5 Bd7 22. Rd3 Nc8 23. Rh3 Ne7 24. Qd3 e5 25. Bxf6 Rxf6 26. Bb3+ Be6 27. Nxe6 Rxe6 28. Bxe6# 1-0

[Event "Thessaloniki Triandria op 5th"]
[Site "Thessaloniki"]
[Date "2012.04.17"]
[Round "1"]
[White "Papaioannou, Evagelos"]
[Black "Papakonstantinou, Dimitrios"]
[Result "0-1"]
[WhiteElo "1421"]
[BlackElo "2096"]
[PlyCount "65"]
[EventDate "2012.04.17"]
[EventType "swiss"]
[EventRounds "7"]
[EventCountry "GRE"]
[SourceTitle "EXT 2014"]
[Source "ChessBase"]
[SourceDate "2013.11.20"]
[SourceVersion "1"]
[SourceVersionDate "2013.11.20"]
[SourceQuality "1"]

1. Nf3 Nf6 2. d4 g6 3. g3 Bg7 4. Bg2 0-0 5. 0-0 d6 6. c4 Nbd7 7. e3 e5 8. Nc3 c6 9. b3 Re8 10. d5 e4 11. Ne1 cxd5 12. cxd5 Nxd5 13. Nxd5 Bxa1 14. Ba3 Be5 15. Qc2 Nc5 16. Bxc5 dxc5 17. Bxe4 Bh3 18. Ng2 Qa5 19. f4 Bg7 20. Rc1 Rac8 21. Nc3 Qxc3 22. Bxb7 Qxc2 23. Rxc2 Rc7 24. Bf3 Bxg2 25. Bxg2 Rxe3 26. Kf2 Bd4 27. Kf1 Rce7 28. Rc1 Re2 29. Be4 Rf2+ 30. Ke1 Rxe4+ 31. Kd1 Rf1+ 32. Kc2 Re2+ 33. Kb1 0-1